Les principaux dinosaures antagonistes des films Jurassic Park/World - Statistiques

Statistiques générales
  • Ce quiz a été pris 100 fois
  • Le résultat moyen est 5 sur 7
Statistiques - réponses
Film Principal dinosaure antagoniste % Correct
Jurassic Park La Grande/Tyrannosaure rex
96%
Jurassic Park 2 Tyrannosaure rex
96%
Jurassic World Indominus Rex
94%
Jurassic Park 3 Spinosaure (Sujet 87)
90%
Jurassic World: Fallen Kingdom Indoraptor
84%
Jurassic World: Le Monde d'après Giganotosaure
57%
Jurassic World: Renaissance Distortus rex
32%
Aucun quiz correspondant
Distribution des résultats
% des personnes avec chaque résultat
Percentile par nombre de réponses
Votre historique - résultats
Vous n’avez pas pris ce quiz